[Event "USA-ch Seniors 2019"]
[Site "Saint Louis"]
[Date "2019.07.11"]
[Round "1.2"]
[White "Goldin, Alexander"]
[Black "Benjamin, Joel"]
[Result "1-0"]
[WhiteElo "2540"]
[BlackElo "2524"]
[Annotator "RC"]
[PlyCount "95"]
[EventDate "2019.07.09"]
[EventType "tourn"]
[EventCountry "USA"]
[TimeControl "40/5400+30:1800+30"]

1. d4 {[%emt 0:00:00]} Nf6 {[%emt 0:00:00]} 2. Nf3 {[%emt 0:00:38]} b6 {[%emt 0:03:25]} 3. Bg5 {[%emt 0:02:53]} Ne4 {[%emt 0:01:46]} 4. Bh4 {[%emt 0:01:24]} Bb7 {[%emt 0:08:03]} 5. e3 {[%emt 0:06:01]} g6 {[%emt 0:01:43]} 6. Bd3 {[%emt 0:06:04]} Bg7 {[%emt 0:01:07]} 7. O-O {[%emt 0:00:52]} O-O {[%emt 0:06:05]} 8. Nfd2 {[%emt 0:13:07]} Nxd2 {[%emt 0:20:21]} 9. Nxd2 {[%emt 0:00:34]} c5 {[%emt 0:00:59]} 10. c3 {[%emt 0:00:31]} d6 {[%emt 0:01:29]} 11. f4 {[%emt 0:03:00]} Ba6 {[%emt 0:02:35]} 12. Bxa6 {[%emt 0:04:10]} Nxa6 {[%emt 0:01:31]} 13. f5 {[%emt 0:00:37]} Qd7 {[%emt 0:03:16]} 14. Qg4 {[%emt 0:08:14]} Nc7 {[%emt 0:05:53]} 15. Qh3 {[%emt 0:08:43]} f6 {[%emt 0:08:24]} 16. Rf3 {[%emt 0:09:42]} gxf5 {[%emt 0:05:48]} 17. Rxf5 {[%emt 0:02:35]} e6 {[%emt 0:00:19]} 18. Rh5 {[%emt 0:02:41]} cxd4 {[%emt 0:01:59]} 19. exd4 {[%emt 0:01:51]} f5 {[%emt 0:07:20]} 20. Bg5 {[%emt 0:02:27]} Qf7 {[%emt 0:02:31]} 21. Rf1 {[%emt 0:03:09]} Qg6 {[%emt 0:03:37]} 22. Be7 {[%emt 0:01:39]} Nd5 {[%emt 0:05:29]} 23. Rg5 {[%emt 0:04:57]} Nxe7 {[%emt 0:02:33]} 24. Rxg6 {[%emt 0:00:10]} Nxg6 {[%emt 0:00:03]} 25. d5 {[%emt 0:02:34]} exd5 {[%emt 0:02:54]} 26. Qd3 {[%emt 0:03:30]} d4 {[%emt 0:01:18]} 27. cxd4 {[%emt 0:00:12]} Rae8 {[%emt 0:00:27]} 28. Nf3 {[%emt 0:01:28]} Nf4 {[%emt 0:01:08]} 29. Qb3+ {[%emt 0:03:35]} Kh8 {[%emt 0:00:02]} 30. Kh1 {[%emt 0:03:40]} Re2 {[%emt 0:01:16]} 31. Ng5 {[%emt 0:00:33]} h6 {[%emt 0:00:24]} 32. Nf7+ {[%emt 0:00:49]} Kh7 {[%emt 0:00:04]} 33. Nxd6 {[%emt 0:00:38]} Rf6 {[%emt 0:01:06]} 34. Qf3 {[%emt 0:01:24]} Rxd6 {[%emt 0:00:35]} 35. Qxf4 {[%emt 0:00:05]} Rxd4 {[%emt 0:00:51]} 36. Qxf5+ {[%emt 0:00:06]} Kh8 {[%emt 0:00:03]} 37. Qc8+ {[%emt 0:01:49]} Kh7 {[%emt 0:00:03]} 38. Qf5+ {[%emt 0:00:06]} Kh8 {[%emt 0:00:02]} 39. h3 {[%emt 0:02:04]} Rxb2 {[%emt 0:01:46]} 40. Qc8+ {[%emt 0:00:00]} Kh7 {[%emt 0:00:00]} 41. Re1 {[%emt 0:04:28]} Rd5 {[%emt 0:22:04]} 42. Qb7 {[%emt 0:05:50]} Rg5 {[%emt 0:00:38]} 43. Qe4+ {[%emt 0:03:41]} Rg6 {[%emt 0:02:29]} 44. g4 {[%emt 0:07:31]} Rb5 {[%emt 0:06:18]} 45. Qd3 {[%emt 0:00:40]} Re5 {[%emt 0:00:40]} 46. Rxe5 {[%emt 0:00:33]} Bxe5 {[%emt 0:00:01]} 47. h4 {[%emt 0:00:05]} Kg7 {[%emt 0:00:22]} 48. Qd7+ {[%emt 0:00:06]} 1-0

[Event "USA-ch Seniors 2019"]
[Site "Saint Louis"]
[Date "2019.07.11"]
[Round "1.3"]
[White "Yermolinsky, Alex"]
[Black "Novikov, Igor"]
[Result "1/2-1/2"]
[WhiteElo "2504"]
[BlackElo "2556"]
[Annotator "TA"]
[PlyCount "66"]
[EventDate "2019.07.09"]
[EventType "tourn"]
[EventCountry "USA"]
[SourceTitle "playchess.com"]
[Source "ChessBase"]
[SourceQuality "1"]

{[%evp 10,66,6,0,31,1,8,6,13,0,0,13,12,5,21,-16,-10,-15,-18,-24,-16,-24,0,0,8,0,0,0,0,0,0,-36,-10,-15,-11,-22,0,0,0,0,0,-6,0,-12,-12,-12,0,-12,0,0,0,0,0,0,0,0,0,0,0]} 1. e4 c5 2. Nc3 d6 3. Nf3 Nf6 4. e5 dxe5 5. Nxe5 e6 6. Bb5+ Nbd7 {B50: Sicilian: 2...d6, Miscellaneous} (6... Bd7 7. Nxd7 Nbxd7 8. O-O a6 9. Be2 Qc7 10. d4 Bd6 11. g3 cxd4 12. Qxd4 O-O 13. Ne4 Be5 14. Nxf6+ Bxf6 {1-0 (73) Vitiugov,N (2719)-Van Foreest,J (2614) St Petersburg 2018}) 7. O-O Be7 8. d4 O-O 9. Bf4 $146 ({Predecessor:} 9. Be3 Nxe5 10. dxe5 Nd5 11. Qf3 a6 12. Bd3 Nxc3 13. bxc3 Qc7 {½-½ (21) Moehn,H (2033)-Schreiner,T (2159) Oberhof 2011}) 9... Nxe5 10. dxe5 Nd5 11. Qf3 Bd7 12. Rfd1 Bxb5 13. Nxb5 Qb6 14. c4 Nxf4 15. Qxf4 Rad8 16. b3 f6 17. g3 a6 18. Nc3 f5 19. Qf3 Qc7 20. Qe2 g6 21. Rxd8 {The position is equal.} Rxd8 22. Rd1 Rxd1+ 23. Nxd1 Qd7 24. Nb2 Qd4 25. Nd3 Kf7 (25... g5 {is interesting.} 26. Kg2 Kf7 27. Kf1 g4 28. h3 Qe4) 26. Qe3 Qxe3 27. fxe3 $11 {[%mdl 4096] Endgame KB-KN} b6 28. Kf2 Bd8 29. Kf3 Bc7 30. Kf4 h6 31. h4 Bd8 32. Kf3 Bc7 33. Kf4 Bd8 {Accuracy: White = 56%, Black = 65%.} 1/2-1/2

[Event "USA-ch Seniors 2019"]
[Site "Saint Louis"]
[Date "2019.07.11"]
[Round "1.4"]
[White "Fishbein, Alexander"]
[Black "Dlugy, Maxim"]
[Result "1/2-1/2"]
[WhiteElo "2432"]
[BlackElo "2518"]
[Annotator "TA"]
[PlyCount "102"]
[EventDate "2019.07.09"]
[EventType "tourn"]
[EventCountry "USA"]
[SourceTitle "playchess.com"]
[Source "ChessBase"]
[SourceQuality "1"]

{[%evp 9,102,62,62,51,68,59,74,56,70,60,54,56,48,58,41,47,83,77,77,86,102,84,84,83,83,89,160,142,145,137,143,152,195,190,189,183,180,174,210,213,211,216,335,309,338,318,278,268,355,351,354,346,338,355,352,335,335,239,322,332,294,215,224,221,221,178,208,186,200,174,174,166,167,170,190,0,0,0,0,0,0,0,0,0,0,0,0,0,0,0,0,0,0,0,0]} 1. d4 d5 2. c4 dxc4 3. e4 b5 4. a4 c6 5. axb5 cxb5 6. Nc3 {D20: Queen's Gambit Accepted: 3 e3 and 3 e4} a6 {[#]} 7. Nxb5 $1 {[%mdl 512]} axb5 8. Rxa8 {White is better.} Bb7 9. Ra1 {Black must now prevent b3.} e6 10. Ne2 Bxe4 11. Nc3 Bc6 12. Be2 $36 {[%mdl 2048] Black is under pressure.} Nf6 $146 {[#]} ({Predecessor:} 12... b4 13. Nb1 Bxg2 {1-0 (34) Rodshtein,M (2698)-Alekseenko,K (2585) Sochi 2017}) 13. Bf3 $1 Bb4 14. Bg5 O-O 15. O-O Be7 16. Bxc6 Nxc6 17. Nxb5 Qd5 ({Black should play} 17... Qb8) 18. Bxf6 $1 $16 Bxf6 19. Nc3 Qxd4 20. Qxd4 Nxd4 {[#]} 21. Ra4 $1 Nb3 22. Rd1 Rc8 23. Ne4 h6 24. Nxf6+ gxf6 $18 {[%mdl 4096] Endgame KRR-KRN} 25. g3 c3 (25... Kg7 $142 26. Rd7 Kg6) 26. bxc3 Rxc3 27. Rd8+ Kh7 28. Ra7 Kg6 29. Rg8+ Kf5 30. Rxf7 Nd2 31. Rh7 Nf3+ 32. Kg2 Ne1+ 33. Kh3 Nd3 34. f3 ({Weaker is} 34. Rxh6 Nf4+ 35. Kh4 Ng2+ 36. Kh5 Nf4+ 37. Kh4 Ng2+ 38. Kh5 Nf4+ 39. Kh4 $11) 34... Nf2+ 35. Kh4 Rxf3 36. Rxh6 Ne4 37. Rh5+ Ng5 38. Rf8 {aiming for Rxg5+.} Kg6 39. Rhh8 Rf2 40. Rhg8+ Kh7 41. h3 Rh2 42. Rxg5 $2 ({Not} 42. Rxf6 Rxh3+ 43. Kg4 Kxg8 $11) (42. Kg4 $18) 42... fxg5+ {KR-KR. The position is equal.} 43. Kg4 Kg7 44. Re8 Kf7 45. Rh8 Rg2 $1 46. Ra8 Kf6 47. Ra3 Rh2 48. Rb3 Rh1 49. Rf3+ Kg6 50. Re3 Kf6 51. Rf3+ Ke5 {Accuracy: White = 85%, Black = 81%.} 1/2-1/2

[Event "USA-ch Seniors 2019"]
[Site "Saint Louis"]
[Date "2019.07.11"]
[Round "1.5"]
[White "Shabalov, Alexander"]
[Black "Kaidanov, Gregory"]
[Result "1/2-1/2"]
[WhiteElo "2500"]
[BlackElo "2544"]
[Annotator "TA"]
[PlyCount "91"]
[EventDate "2019.07.09"]
[EventType "tourn"]
[EventCountry "USA"]
[SourceTitle "playchess.com"]
[Source "ChessBase"]
[SourceQuality "1"]

{[%evp 9,91,18,14,21,46,59,57,55,44,45,48,44,46,52,68,75,101,94,96,95,137,138,134,91,79,83,99,77,85,81,106,94,97,97,92,86,87,62,99,97,114,117,143,135,144,125,127,118,149,149,150,151,142,116,116,117,117,118,139,143,136,55,49,55,55,47,54,64,71,71,71,0,0,0,71,71,71,0,0,0,0,0,71,71]} 1. Nf3 d5 2. d4 Nf6 3. c4 e6 4. Bg5 Nbd7 5. e3 h6 6. Bh4 {D30: Queen's Gambit Declined: Systems without Nc3} (6. Bf4 dxc4 7. Bxc4 Bd6 8. Bxd6 cxd6 9. Nc3 d5 10. Bd3 b6 11. Ne5 Bb7 12. f4 O-O 13. O-O {½-½ (87) Vallejo Pons,F (2693)-Naiditsch,A (2695) Karlsruhe/Baden Baden 2019}) 6... g5 7. Bg3 Ne4 8. Qc2 {White is slightly better.} c6 9. Nc3 Qa5 10. Bd3 Nxg3 11. hxg3 Bg7 12. O-O-O $146 ({Predecessor:} 12. cxd5 cxd5 13. O-O-O g4 14. Nd2 {0-1 (37) Bogdanovski,V (2444)-Goriatchkin,J (2302) Skopje 2013}) 12... dxc4 13. Bxc4 Nb6 14. Bb3 c5 15. Ne4 c4 16. Nd6+ Ke7 17. Nxc4 Nxc4 18. Qxc4 Bd7 19. Kb1 Bc6 20. Qe2 Rhd8 21. g4 Rac8 22. Rc1 Qb4 23. Rhd1 a5 24. Bc4 Bxf3 25. gxf3 Rc6 26. Bb5 Rcc8 27. Qd3 Kf8 28. a3 Qe7 29. Ba4 Qd6 30. Qb5 b6 31. Rxc8 Rxc8 32. Rd3 Bf6 33. Qa6 Rb8 34. Rc3 Kg7 35. Bc6 (35. Qa7 $16) 35... e5 $1 $14 36. dxe5 Bxe5 37. Rc2 $1 Qd1+ 38. Rc1 Qd2 {[%csl Ge5][%cal Rd2b2] [#]} 39. Qb5 Bf6 40. Rc2 Qd1+ $1 41. Rc1 Qd2 42. Be4 Rd8 43. Qxb6 (43. Rc2 $16 Qe1+ 44. Ka2) 43... Qxf2 $11 44. Rc2 Rd1+ 45. Ka2 Rd2 (45... Qg1 $11 46. Kb3 Rb1) 46. Rxd2 {Accuracy: White = 76%, Black = 75%.} 1/2-1/2

[Event "USA-ch Seniors 2019"]
[Site "Saint Louis"]
[Date "2019.07.12"]
[Round "2.1"]
[White "Ehlvest, Jaan"]
[Black "Kaidanov, Gregory"]
[Result "1/2-1/2"]
[WhiteElo "2515"]
[BlackElo "2544"]
[Annotator "TA"]
[PlyCount "74"]
[EventDate "2019.07.09"]
[EventType "tourn"]
[EventCountry "USA"]
[SourceTitle "playchess.com"]
[Source "ChessBase"]
[SourceQuality "1"]

{[%evp 15,74,47,50,43,52,26,16,3,0,0,10,14,4,13,27,8,8,3,7,0,0,0,22,10,77,82,116,36,40,26,39,27,52,47,66,60,69,61,54,0,0,0,0,0,0,0,0,0,0,-31,0,-31,-31,-31,-31,-31,-31,-31,-31,-31,0]} 1. Nf3 d5 2. g3 c5 3. Bg2 Nc6 4. d4 Nf6 5. O-O cxd4 6. Nxd4 e5 7. Nxc6 bxc6 8. c4 Be6 9. Qa4 {Black must now prevent cxd5. D02: 1 d4 d5 2 Nf3 sidelines, including 2...Nf6 3 g3 and 2...Nf6 3 Bf4} Qd7 10. Rd1 (10. Nc3 Rc8 11. Bg5 d4 12. Rad1 Be7 13. Bxf6 Bxf6 14. c5 O-O 15. e3 Bf5 16. exd4 exd4 {1-0 (46) Duda,J (2738)-Tregubov,P (2592) chess.com INT 2019}) 10... Rc8 11. cxd5 {The position is equal.} cxd5 12. Qxd7+ Bxd7 $146 ({Predecessor:} 12... Kxd7 13. Nc3 Bc5 14. Bg5 d4 15. e3 Ke7 16. exd4 Bxd4 {1-0 (41) Saric,A (2540)-Rezan,S (2443) Sibenik 2016}) 13. Bg5 d4 14. Nd2 Ng4 15. Nf3 {next h3 is good for White.} f6 16. Bd2 Bc5 17. h3 Nh6 18. Rac1 O-O 19. Ne1 $36 {[%mdl 2048] Black is under pressure.} Ba4 {[#]} (19... Nf7 $11 {keeps the balance.}) 20. b3 $1 $16 {[%cal Rb3a4]} Bb5 {[#]} 21. Bxh6 (21. Bb7 $1 $16 {[%cal Rb7c8]} Bxe2 22. Bxc8 Rxc8 23. Bxh6 Bxd1 24. Bd2) 21... gxh6 $14 22. Bb7 Rc7 23. Bd5+ Kg7 24. Nd3 Bxd3 25. exd3 Rfc8 26. Be6 Ba3 27. Rxc7+ (27. Rc4 $14 Rxc4 28. dxc4) 27... Rxc7 {[%mdl 4096] Endgame KRB-KRB} 28. Bc4 Kg6 29. Re1 Re7 30. f4 exf4 31. Rxe7 Bxe7 $11 {KB-KB} 32. Kg2 Kg5 33. Kf3 fxg3 {Black is slightly better.} 34. Kxg3 Bd6+ 35. Kf3 f5 36. Be6 Kf6 37. Bc8 Kg5 {Accuracy: White = 54%, Black = 54%.} 1/2-1/2

[Event "USA-ch Seniors 2019"]
[Site "Saint Louis"]
[Date "2019.07.12"]
[Round "2.2"]
[White "Dlugy, Maxim"]
[Black "Shabalov, Alexander"]
[Result "0-1"]
[WhiteElo "2518"]
[BlackElo "2500"]
[Annotator "TA"]
[PlyCount "78"]
[EventDate "2019.07.09"]
[EventType "tourn"]
[EventCountry "USA"]
[SourceTitle "playchess.com"]
[Source "ChessBase"]
[SourceQuality "1"]

{[%evp 9,122,0,22,11,8,10,13,-20,-15,-27,-26,-12,-10,-6,-21,-15,-20,-15,-8,-6,-14,-8,-15,-19,-17,-15,-7,-16,-10,-27,-12,-50,-42,-45,-27,-23,-31,-75,-60,-83,-70,-328,-354,-347,-346,-343,-333,-311,-318,-384,-309,-363,-321,-648,-670,-625,-442,-652,-656,-618,-467,-890,-895,-895,-877,-887,-875,-875,-859,-764,-601,-562,-460,-445,-316,-404,-350,-317,-106,-1219,-1206,-1121,-1050,-934,-844,-780,-677,-552,-416,-416,-408,-505,-362,-555,-547,-534,-528,-5589,-4929,-5690,-5678,-5626,-5639,-5614,-5622,-5535,-5614,-1681,-1516,-5930,-5727,-29973,-29974,-6287,-6211]} 1. d4 Nf6 2. Bf4 c5 3. e3 Qb6 4. Nc3 a6 5. a3 (5. Bc4 cxd4 6. exd4 e6 7. Nge2 d5 8. Bb3 Bd7 9. O-O Be7 10. Qe1 O-O 11. Rd1 Nc6 {1-0 (23) Aronian,L (2767)-Giri,A (2782) chess.com INT 2018}) 5... d6 6. Be2 {A45: Trompowsky Attack} g6 7. Nf3 Bg7 8. Nd2 $146 {The position is equal.} ({Predecessor:} 8. O-O O-O 9. h3 Nbd7 10. Qd2 Re8 11. d5 Nh5 {½-½ (33) Baloire,E (1895)-Giacomelli,G (2093) Arvier 2009}) 8... Be6 9. dxc5 Qxc5 10. O-O O-O 11. Na4 Qc7 12. c4 $1 b5 13. Bf3 Ra7 14. cxb5 axb5 15. Nc3 Qd7 16. Qe2 Rc7 17. e4 Ng4 18. Nd5 Bxd5 19. exd5 Ne5 20. Be4 Rfc8 21. Rad1 Nc4 22. Nxc4 $1 bxc4 23. Rc1 Qa4 24. Qc2 Qb5 25. b4 $2 {[%mdl 8192]} ({White should try} 25. Rb1 $15) 25... cxb3 $19 {[%mdl 64] [#] Discovered Attack} 26. Qxc7 Rxc7 27. Rxc7 Nd7 28. Rc8+ Nf8 29. Bg5 b2 30. Rb1 e6 31. h4 $2 (31. Rf1) 31... exd5 32. Bc2 d4 33. a4 (33. Re1 $142 d3 34. Bb1) 33... Qe2 34. Bb3 h6 35. Bd8 (35. Rc2 $142 Qd3 36. Rcxb2 hxg5 37. hxg5) 35... d3 {[#] Strongly threatening ...d2.} 36. Bb6 d2 37. Bd1 Qe1+ 38. Kh2 Be5+ 39. g3 Kg7 {Played: Qe1-e4} 0-1

[Event "USA-ch Seniors 2019"]
[Site "Saint Louis"]
[Date "2019.07.12"]
[Round "2.3"]
[White "Novikov, Igor"]
[Black "Fishbein, Alexander"]
[Result "1/2-1/2"]
[WhiteElo "2556"]
[BlackElo "2432"]
[Annotator "ChessBase"]
[PlyCount "60"]
[EventDate "2019.07.09"]
[EventType "tourn"]
[EventCountry "USA"]
[SourceTitle "playchess.com"]
[Source "ChessBase"]
[SourceQuality "1"]
[TimeControl "40/5400+30:1800+30"]

1. d4 {[%emt 0:00:00]} Nf6 {[%emt 0:00:00]} 2. c4 {[%emt 0:00:00]} e6 {[%emt 0:00:00]} 3. Nf3 {[%emt 0:00:00]} Bb4+ {[%emt 0:00:00]} 4. Bd2 {[%emt 0:00:25]} Qe7 {[%emt 0:00:00]} 5. g3 {[%emt 0:00:38]} Nc6 {[%emt 0:00:02]} 6. Nc3 {[%emt 0:01:01]} Bxc3 {[%emt 0:00:12]} 7. Bxc3 {[%emt 0:00:06]} Ne4 {[%emt 0:00:06]} 8. Qc2 {[%emt 0:01:42]} Nxc3 {[%emt 0:00:05]} 9. Qxc3 {[%emt 0:00:05]} Qb4 {[%emt 0:00:07]} 10. Qxb4 {[%emt 0:03:48]} Nxb4 {[%emt 0:00:05]} 11. Kd2 {[%emt 0:00:09]} b6 {[%emt 0:00:13]} 12. Bg2 {[%emt 0:26:01]} Bb7 {[%emt 0:00:22]} 13. Kc3 {[%emt 0:02:56]} a5 {[%emt 0:02:26]} 14. a3 {[%emt 0:06:32]} Nc6 {[%emt 0:02:47]} 15. b3 {[%emt 0:04:15]} Ne7 {[%emt 0:03:17]} 16. Rhd1 {[%emt 0:01:49]} O-O {[%emt 0:05:34]} 17. Ne1 {[%emt 0:04:33]} Bxg2 {[%emt 0:01:05]} 18. Nxg2 {[%emt 0:00:04]} Rfd8 {[%emt 0:08:23]} 19. Nf4 {[%emt 0:04:32]} d6 {[%emt 0:01:38]} 20. h4 {[%emt 0:03:47]} c6 {[%emt 0:06:15]} 21. Rac1 {[%emt 0:02:18]} e5 {[%emt 0:04:08]} 22. Ng2 {[%emt 0:10:11]} exd4+ {[%emt 0:04:10]} 23. Rxd4 {[%emt 0:00:13]} d5 {[%emt 0:01:41]} 24. Rd3 {[%emt 0:02:06]} c5 {[%emt 0:15:14]} 25. a4 {[%emt 0:05:41]} d4+ {[%emt 0:00:48]} 26. Kd2 {[%emt 0:00:57]} Nc6 {[%emt 0:01:00]} 27. Ke1 {[%emt 0:00:09]} Re8 {[%emt 0:03:12]} 28. Rd2 {[%emt 0:01:06]} h6 {[%emt 0:02:39]} 29. Nf4 {[%emt 0:00:26]} Nb4 {[%emt 0:00:43]} 30. Nd3 {[%emt 0:01:47]} Nxd3+ {[%emt 0:00:12]} 1/2-1/2

[Event "USA-ch Seniors 2019"]
[Site "Saint Louis"]
[Date "2019.07.12"]
[Round "2.4"]
[White "Benjamin, Joel"]
[Black "Yermolinsky, Alex"]
[Result "1-0"]
[WhiteElo "2524"]
[BlackElo "2504"]
[Annotator "TA"]
[PlyCount "59"]
[EventDate "2019.07.09"]
[EventType "tourn"]
[EventCountry "USA"]
[SourceTitle "playchess.com"]
[Source "ChessBase"]
[SourceQuality "1"]

{[%evp 9,61,16,0,0,18,12,40,37,31,20,88,83,116,120,119,117,106,114,118,122,115,122,129,127,123,106,141,111,128,39,45,0,-6,-9,-9,-12,52,60,54,54,201,184,264,259,256,257,337,338,375,28,565,537,516,552]} 1. e4 c5 2. c3 Nf6 3. e5 Nd5 4. Nf3 d6 5. Bc4 Nb6 (5... e6 6. d4 Nc6 7. O-O cxd4 8. cxd4 Be7 9. exd6 Qxd6 10. Nc3 Nxc3 11. bxc3 O-O 12. Re1 Qd8 13. Qe2 b6 14. d5 Na5 15. dxe6 Nxc4 16. exf7+ Kh8 17. Qxc4 Bb7 18. Ne5 Bd6 19. Bf4 Rc8 20. Qe6 Qf6 21. Ng6+ Qxg6 22. Qxg6 hxg6 23. Bxd6 Rxf7 {½-½ (86) Jones,G (2660)-Cori Tello,J (2641) Tbilisi 2017}) 6. e6 {B22: Sicilian: 2 c3} fxe6 (6... Nxc4 $5 7. Qa4+ $8 {[%mdl 64] Double Attack} Nc6 8. exf7+ Kxf7 9. Qxc4+ d5 10. Qf4+ Kg8 $11) 7. Bb3 Nc6 8. Ng5 $146 {White is slightly better.} ({Predecessor:} 8. Qe2 d5 9. d4 c4 10. Bc2 g6 11. Ng5 Bh6 12. Nf7 Kxf7 13. Bxh6 Qd6 14. f4 {1-0 (32) Georgi,T (1850)-Kruett,M (1760) Cologne 1999}) 8... d5 9. Bc2 Qd6 (9... g6 $1 $11) 10. d4 $16 cxd4 11. Qh5+ g6 {[#]} 12. Bxg6+ $1 {[%mdl 512]} hxg6 ({Don't blunder} 12... Kd7 $2 13. Be8+ (13. Nf7 Qc5 $16) 13... Kc7 14. Nf7 $18) 13. Qxh8 Qe5+ 14. Qxe5 Nxe5 15. cxd4 Nc6 16. Be3 Bg7 17. Nc3 Bd7 18. O-O-O Rc8 19. h4 (19. h3 $16) 19... Nb4 $14 20. Kd2 ({White should play} 20. a3 $14 Na2+ 21. Kd2 Nc4+ 22. Ke2 Nxc3+ 23. bxc3) 20... Nc4+ $11 {[%mdl 64] [#] Double Attack} 21. Ke2 Nxb2 22. Rb1 N4d3 (22... N2d3 $11 23. Rb3 e5 24. dxe5 Bxe5) 23. Nd1 $1 $36 {[%cal Rd1b2][%mdl 2048] White has some pressure.} Rc2+ 24. Kf3 e5 (24... b6 $14) 25. Nxb2 $18 e4+ (25... Nxb2 $142 26. Rhc1 Rxc1 27. Bxc1 Nc4) 26. Kg3 {Black must now prevent Nxd3.} Nxb2 27. Rhc1 Re2 28. Rc7 e5 29. Rxb7 $2 (29. Ne6 $18 Bf6 30. Bg5 (30. Rxb7 Bxe6 31. Bg5 Bxg5 $16) 30... Bxg5 31. Nxg5) 29... Nc4 $2 {[%mdl 8192]} (29... exd4 $11 30. Bf4 (30. R7xb2 Rxb2 31. Rxb2 dxe3 $17) 30... d3) 30. Ne6 {Played: Rb7xd7} 1-0

[Event "USA-ch Seniors 2019"]
[Site "Saint Louis"]
[Date "2019.07.12"]
[Round "2.5"]
[White "Christiansen, Larry"]
[Black "Goldin, Alexander"]
[Result "1-0"]
[WhiteElo "2574"]
[BlackElo "2540"]
[Annotator "TA"]
[PlyCount "113"]
[EventDate "2019.07.09"]
[EventType "tourn"]
[EventCountry "USA"]
[SourceTitle "playchess.com"]
[Source "ChessBase"]
[SourceQuality "1"]

{[%evp 9,113,0,0,0,11,5,5,0,8,2,0,0,19,0,0,0,0,0,18,14,16,20,20,21,22,19,29,13,21,28,12,16,25,20,32,29,47,10,58,24,36,40,34,32,17,8,16,11,100,106,93,95,106,91,97,0,158,89,227,238,340,296,295,282,377,377,345,324,322,289,283,283,280,168,293,145,154,111,109,108,98,118,115,104,106,84,82,78,256,247,290,288,572,565,620,591,702,702,1088,1050,1057,1016,1656,1609,4931,4778]} 1. e4 e5 2. Bc4 Nf6 3. d3 Nc6 4. Nc3 Na5 5. Nge2 Bc5 6. O-O {C28: Vienna Game: 2...Nf6 3 Bc4 Nc6} c6 (6... O-O 7. Ng3 h6 8. h3 d6 9. Bb3 c6 10. Na4 Nxb3 11. axb3 Bb4 12. Bd2 Bxd2 13. Qxd2 d5 {0-1 (40) Naiditsch,A (2702)-Caruana,F (2817) Karlsruhe/Baden-Baden 2017}) 7. a4 Nxc4 8. dxc4 {The position is equal.} d6 9. Qd3 Be6 10. b3 a5 11. Be3 {Threatening Bxc5.} Qb6 12. Bxc5 Qxc5 13. Rad1 Rd8 14. Qg3 $146 ({Predecessor:} 14. h3 O-O 15. Ng3 d5 16. cxd5 cxd5 17. Nxd5 Bxd5 18. exd5 Qxd5 19. Qe2 {1-0 (19) Chambers,C (1909)-Downs,R (1765) Chessfriend.com 2005}) 14... O-O 15. Kh1 g6 16. f3 Rd7 17. Rd2 Rfd8 18. Rfd1 Kg7 19. Nc1 Qe3 20. Rd3 Qb6 21. Qe1 Ne8 22. h3 f6 23. Qg3 Bf7 24. N1e2 Qc5 25. f4 exf4 26. Nxf4 Qe5 27. Qf2 Nc7 28. Re3 Re7 (28... g5 $11 {remains equal.} 29. Nfe2 Bg6) 29. Nce2 $1 $16 Ne8 30. Nd4 d5 31. cxd5 cxd5 32. Nb5 ({White should try} 32. Ree1 $16 dxe4 33. Nde6+ $1 {[%mdl 512]} Bxe6 34. Rxd8) 32... d4 $2 (32... Nd6 $11 33. Nxd6 Rxd6) 33. Re2 $36 {[%mdl 2048] Black is under strong pressure.} (33. Ree1 $142) 33... Red7 (33... Nd6 $16 {was necessary.}) 34. Nd3 $18 Qh5 (34... Qe7 $142 35. e5 Nc7) 35. Rf1 Re7 36. e5 {[%cal Re5f6]} f5 37. Nf4 Qg5 38. Nxd4 Nc7 {Now ...Nd5 and Black clings on.} 39. Kh2 Nd5 40. Nxd5 Bxd5 41. c4 Bc6 {[#]} (41... Qxg2+ $142 42. Qxg2 Bxg2 43. Nxf5+ gxf5 44. Rxg2+ Kf7) 42. Nxc6 (42. g4 $1 $18 {[%cal Rg4f5][%mdl 512] and White stays clearly on top.} f4 (42... fxg4 43. Qf6+) 43. Qxf4 Qxf4+ 44. Rxf4) 42... bxc6 $16 43. Re3 Rd4 44. Rg3 Qh4 45. Qe1 Re4 46. Qxa5 {Black must now prevent Rxf5.} R4xe5 47. Qc3 {And now Rxf5 would win.} (47. Qb6 {feels hotter.} Qf6 48. Rd3 Re2 49. Kh1 Re1 50. Rdf3) 47... Qf6 48. b4 h5 $2 (48... Re2 $16) 49. a5 $18 {[%cal Ba4a5,Ba5a6][%mdl 32]} h4 50. Rd3 Kh7 $2 (50... Re2 {was called for.} 51. Qxf6+ Kxf6 52. Rd6+ R7e6 53. Rxe6+ Kxe6) 51. a6 {White is clearly winning.} Qg5 52. Qd2 Qf6 53. Rd6 R5e6 54. Rxe6 Qxe6 55. Qf4 Qf6 56. Qb8 Qd4 57. Rf4 {Accuracy: White = 75%, Black = 37%.} 1-0

[Event "USA-ch Seniors 2019"]
[Site "Saint Louis"]
[Date "2019.07.13"]
[Round "3.1"]
[White "Goldin, Alexander"]
[Black "Ehlvest, Jaan"]
[Result "1/2-1/2"]
[WhiteElo "2540"]
[BlackElo "2515"]
[Annotator "TA"]
[PlyCount "62"]
[EventDate "2019.07.09"]
[EventType "tourn"]
[EventCountry "USA"]
[SourceTitle "playchess.com"]
[Source "ChessBase"]
[SourceQuality "1"]

{[%evp 13,62,31,47,41,60,35,36,33,33,3,22,2,8,26,29,0,27,0,0,-10,0,-29,-27,-27,-15,-133,-107,-112,0,0,0,0,-7,-54,-54,-60,-44,-85,-87,-122,-79,-80,-82,-81,-80,-103,-100,-147,-50,-65,-79]} 1. d4 Nf6 2. Nf3 g6 3. g3 Bg7 4. Bg2 O-O 5. O-O d6 6. c4 c6 7. Nc3 Qb6 8. c5 {E62: King's Indian: Fianchetto: 6...c6 and Panno Variation (6...Nc6) without ...a6} dxc5 9. Na4 $1 {[%cal Ra4b6]} Qb5 10. Nxc5 {White is slightly better.} a5 11. Qc2 $146 ({Predecessor:} 11. Re1 Rd8 12. Qc2 Na6 13. Nxa6 Qxa6 14. Bg5 Qb6 15. Bxf6 Bxf6 16. e3 {½-½ (16) Khalifman,A (2617)-Sepp,O (2432) Puhajarve 2018}) 11... Na6 12. Nxa6 Qxa6 13. e4 a4 14. Bd2 Be6 15. Bc3 Rfd8 16. Rfd1 Qb6 17. h3 Ne8 18. g4 Nc7 19. Ne5 (19. Bf1 $11) 19... Bxe5 20. dxe5 Nb5 (20... Rxd1+ $17 21. Rxd1 c5) 21. Bb4 $1 $11 Qc7 22. Qc5 Kf8 23. Bf1 b6 {[%cal Bb7b6,Bb6c5,Bc5c4][%mdl 32]} 24. Qe3 c5 25. Bxc5 bxc5 26. Bxb5 Qxe5 27. Bc6 Rac8 {[#] Hoping for ...Rxd1+.} 28. Bxa4 Qxb2 29. a3 c4 30. Rac1 f6 (30... Rxd1+ $17 31. Bxd1 c3) 31. Qc3 Rxd1+ {Accuracy: White = 40%, Black = 68%.} 1/2-1/2